000 00379cam a22001217a 4500
008 180718b1952 xxu||||| |||| 00| 0 eng d
082 _aB7043x42 B813
245 _aBrown's book-keeping and accounts of local and public authorities
_cedited by Henry Brown
260 _aLondon
_bButterworth
_c1952
300 _avii, 678p
650 _aLocal government-U.K.
700 _aBrown, Henry
999 _c422370
_d422370